000 00537nam a2200181 4500
999 _c165255
_d165255
005 20190612150138.0
010 _aENG-125558
020 _a9789384340247
_c695.00
035 _aEN-109090
037 _bDBAD/PUB
082 _a331.702
100 _aGupta, A.K.
245 _aCareer counselling and planning /
_cby A.K.Gupta
260 _a Delhi
_bYogi Publications
_c2019
270 _a77/1, East Azad Nagar
_bDelhi
_e110032
_k7065961628, 9350345268
300 _a248p.
_c22cm(Hb)
942 _2ddc
_cEN
_h331.702
_mGUP